| 000 | 00836nam a2200301 a 4500 | ||
|---|---|---|---|
| 003 | AR-BaBNM | ||
| 005 | 20251128203217.0 | ||
| 008 | 082120s2002 ||||||||||||||000 | spa|| | ||
| 040 | _cAR-BaBNM | ||
| 100 | 1 | _aCoulson, Graciela | |
| 245 | 0 | 0 |
_aMarechal _bla pasión metafísica |
| 260 |
_aBuenos Aires _bFernando García Cambeiro _c1974 |
||
| 300 | _a159 p. | ||
| 490 | 0 |
_aEstudios latinoamericanos _vv. 12 |
|
| 500 | _aContiene referencias bibliográficas en p. 140 | ||
| 650 | 4 | _aTEORIA LITERARIA | |
| 650 | 4 | _aLITERATURA ARGENTINA | |
| 650 | 4 | _aCRITICA LITERARIA | |
| 650 | 4 | _aESCRITORES | |
| 650 | 4 | _aANALISIS LITERARIO | |
| 650 | 4 | _aFILOSOFIA LITERARIA | |
| 653 | _aNARRATIVA | ||
| 653 | _aINFLUENCIA CLASICA | ||
| 655 | _aLITERATURA | ||
| 800 | 1 |
_aMaturo, Graciela _edirector |
|
| 942 | _cBK | ||
| 998 | _cMARTIN | ||
| 999 |
_c2407 _d2407 |
||